|
|
|
|
| LEADER |
00740nam a2200253 a 4500 |
| 001 |
adlib96000001 |
| 003 |
ViArRB |
| 005 |
20151026130548.0 |
| 008 |
960221s1955 dcuabcdjdbkoqu001 0deng d |
| 020 |
|
|
|
| 022 |
|
|
|
| 040 |
|
|
|a Adlib
|
| 082 |
|
|
|a 532:62
|
| 245 |
|
|
|a Fluid flow and heat transfer
|
| 250 |
|
|
|
| 260 |
|
|
|a Chichester
|b Wiley Eastern
|c 1979
|
| 300 |
|
|
|a x, 357p.
|
| 500 |
|
|
|a Wiley-Interscience publication. 'Includes bibliographical references'
|
| 100 |
|
|
|a Lydersen, Aksel
|
| 700 |
|
|
|
| 942 |
|
|
|c BK
|6 _
|
| 653 |
|
|
|a Fluid mechanics
|a Hydraulic engineering
|a Hydrostatics
|a Mechanics
|
| 999 |
|
|
|c 7935
|d 7935
|
| 952 |
|
|
|0 0
|1 0
|4 0
|6 53262_LYD
|7 0
|9 19344
|a UL
|b UL
|d 2010-06-16
|o 532:62 LYD
|p 00018284
|r 2010-06-16
|w 2010-06-16
|y BK
|